| 000 | 00898nam a2200193 a 4500 | ||
|---|---|---|---|
| 001 | BRCA_608 | ||
| 005 | 20190320203101.0 | ||
| 008 | 000412s1999 mx-a---##b---#000-0#spa-d | ||
| 020 | _a970182993X | ||
| 050 | 4 |
_aN6550 _b.M47 1999 |
|
| 245 | 1 | 0 |
_aMéxico eterno _barte y permanencia. |
| 260 |
_aMéxico _bFomento Cultural Fertinal _c1999 |
||
| 300 |
_a303 p. _bil. a color _c34 cm. |
||
| 500 | _aIncluye información sobre piezas de la Colección Franz Mayer: escultura del Padre Santo con Cristo de caña (p. 61), sillón rococó (p. 84), San Miguel Arcángel (p. 100), custodias (p. 102-103), bandera de procesión (p. 104), La adoración de los pastores ´Natividad´ (p. 108) | ||
| 500 | _aCatálogo de la exposición realizada en el Palacio de Bellas Artes (Ciudad de México), diciembre 2000 | ||
| 504 | _aBibliografía: p. 296 | ||
| 650 | 1 | 4 |
_aArte mexicano _vExposiciones _92080 |
| 942 |
_2lcc _cB |
||
| 999 |
_c534 _d534 |
||